[Event "Foment Martinenc op-A 24th"]
[Site "Barcelona"]
[Date "2024.04.20"]
[Round "1"]
[White "Torrent San Nicolas, Biel"]
[Black "Shamim, Hossain"]
[Result "1-0"]
[WhiteElo "1950"]
[BlackElo "1775"]
[PlyCount "63"]
[EventDate "2024.04.20"]
[EventType "swiss"]
[EventRounds "9"]
[EventCountry "ESP"]
[SourceTitle "CBM 220 Extra"]
[Source "ChessBase"]
[SourceDate "2024.07.31"]
[SourceVersion "1"]
[SourceVersionDate "2024.07.31"]
[SourceQuality "1"]

1. e4 e6 2. d4 d5 3. Nc3 Bb4 4. e5 c5 5. a3 Bxc3+ 6. bxc3 c4 7. f4 Ne7 8. Nf3 Nbc6 9. a4 Qa5 10. Qd2 Bd7 11. Be2 Nd8 12. 0-0 Bxa4 13. Ba3 Ndc6 14. Nh4 Ng6 15. Nf3 Nce7 16. g4 h6 17. Ra2 Bd7 18. Rfa1 Qb5 19. Bxe7 Kxe7 20. Rxa7 Rxa7 21. Rxa7 Qb1+ 22. Kf2 h5 23. f5 hxg4 24. Qg5+ Kf8 25. Ra8+ Be8 26. Qd8 Qb5 27. fxg6 gxf3 28. Qd6+ Kg8 29. Qe7 Rxh2+ 30. Kxf3 fxg6 31. Rxe8+ Kh7 32. Qd8 1-0

[Event "Foment Martinenc op-A 23rd"]
[Site "Barcelona"]
[Date "2023.05.27"]
[Round "6"]
[White "Shamim, Hossain"]
[Black "Bibilashvili, Lali"]
[Result "0-1"]
[WhiteElo "1661"]
[BlackElo "1880"]
[PlyCount "106"]
[EventDate "2023.04.22"]
[EventType "swiss"]
[EventRounds "9"]
[EventCountry "ESP"]
[SourceTitle "EXT 2024"]
[Source "ChessBase"]
[SourceDate "2023.10.10"]
[SourceVersion "1"]
[SourceVersionDate "2023.10.10"]
[SourceQuality "1"]

1. d4 Nf6 2. c4 g6 3. Nc3 Bg7 4. e4 d6 5. Nf3 0-0 6. h3 e5 7. d5 a5 8. Be2 Na6 9. 0-0 Ne8 10. Bg5 f6 11. Bd2 f5 12. Bg5 Nf6 13. Ne1 h6 14. Bxf6 Bxf6 15. Nd3 Nb4 16. a3 Nxd3 17. Bxd3 f4 18. Be2 h5 19. Nb5 Bh4 20. Kh2 Qd7 21. a4 b6 22. b3 Ba6 23. Rc1 Rae8 24. Rc3 Re7 25. Rd3 Ref7 26. Na3 Bc8 27. Nc2 Rh7 28. Ne1 Bd8 29. Rc3 Kg7 30. Rg1 Bh4 31. Rf1 Rfh8 32. Nf3 Bd8 33. Nd2 g5 34. Rg1 g4 35. f3 Bh4 36. Qf1 Bg3+ 37. Kh1 Qe7 38. Qd1 gxh3 39. gxh3 Bxh3 40. Rxg3+ fxg3 41. f4 exf4 42. Bf3 Bd7 43. Qe2 h4 44. e5 Qxe5 45. Ne4 h3 46. Rc1 Bf5 47. Re1 Bxe4 48. Qxe4 Qxe4 49. Rxe4 Rf8 50. Re7+ Rf7 51. Re6 Rh6 52. Re4 Rg6 53. Bh5 g2+ 0-1

[Event "Foment Martinenc op-A 23rd"]
[Site "Barcelona"]
[Date "2023.04.22"]
[Round "1"]
[White "Shamim, Hossain"]
[Black "Montero Olmos, Javier"]
[Result "1/2-1/2"]
[WhiteElo "1661"]
[BlackElo "1946"]
[PlyCount "87"]
[EventDate "2023.04.22"]
[EventType "swiss"]
[EventRounds "9"]
[EventCountry "ESP"]
[SourceTitle "EXT 2024"]
[Source "ChessBase"]
[SourceDate "2023.10.10"]
[SourceVersion "1"]
[SourceVersionDate "2023.10.10"]
[SourceQuality "1"]

1. d4 d5 2. c4 c6 3. cxd5 cxd5 4. Bf4 Nc6 5. e3 Nf6 6. Nf3 Bf5 7. a3 Rc8 8. Bd3 Qa5+ 9. Nc3 Ne4 10. Rc1 e6 11. Bxe4 Bxe4 12. 0-0 Bg6 13. Qa4 f6 14. b4 Qxa4 15. Nxa4 b5 16. Nc5 Bxc5 17. Rxc5 Bd3 18. Rfc1 Kd7 19. R5c3 Bc4 20. Ne1 e5 21. dxe5 fxe5 22. Bg3 d4 23. exd4 Nxd4 24. Rd1 Be2 25. Rdc1 Bc4 26. Rd1 Ke6 27. Re3 Ne2+ 28. Kh1 Nxg3+ 29. hxg3 Rhd8 30. Rxd8 Rxd8 31. f4 Rd1 32. Rxe5+ Kf6 33. Kg1 Ra1 34. Re3 Kf5 35. Kh2 Ra2 36. Kh3 h5 37. Re5+ Kg6 38. Nf3 Bf1 39. Nh4+ Kh6 40. Re3 Bc4 41. g4 hxg4+ 42. Kxg4 Be2+ 43. Kg3 Bc4 44. Nf3 1/2-1/2

[Event "Barcelona Sant Marti op-B 22nd"]
[Site "Barcelona"]
[Date "2022.07.17"]
[Round "5"]
[White "Cabot Muntane, Jordi"]
[Black "Shamim, Hossain"]
[Result "0-1"]
[WhiteElo "1839"]
[BlackElo "1623"]
[PlyCount "88"]
[EventDate "2022.07.13"]
[EventType "swiss"]
[EventRounds "9"]
[EventCountry "ESP"]
[SourceTitle "CBM 210 Extra"]
[Source "ChessBase"]
[SourceDate "2022.11.30"]
[SourceVersion "1"]
[SourceVersionDate "2022.11.30"]
[SourceQuality "1"]

1. d4 Nf6 2. Nf3 d5 3. c3 e6 4. Bf4 c5 5. e3 Nc6 6. Nbd2 Nh5 7. Bg5 Be7 8. Bxe7 Qxe7 9. Bb5 Bd7 10. Bxc6 Bxc6 11. Ne5 Nf6 12. Nxc6 bxc6 13. Qa4 Qd6 14. 0-0 0-0 15. Qa3 Nd7 16. Nb3 Rfb8 17. Nxc5 Nxc5 18. dxc5 Qe7 19. b4 a5 20. Qb3 Rb5 21. a3 Qxc5 22. Rac1 Qd6 23. c4 Rbb8 24. c5 Qc7 25. Rb1 Rb5 26. Qc3 Rab8 27. Rb2 f6 28. Rfb1 Qb7 29. Kf1 Kf7 30. Ke1 axb4 31. Rxb4 Qa6 32. Kd2 Qa5 33. Rxb5 Rxb5 34. Rxb5 Qxb5 35. Qb4 Qxb4+ 36. axb4 Ke7 37. Kd3 e5 38. g3 Kd7 39. f4 Kc7 40. g4 Kb7 41. h4 Ka6 42. g5 Kb5 43. f5 Kxb4 44. h5 h6 0-1

[Event "Roncana op-A 12th"]
[Site "Santa Eulalia de Roncana"]
[Date "2018.10.27"]
[Round "4"]
[White "Shamim, Hossain"]
[Black "Lopez Nadal, Alex"]
[Result "0-1"]
[WhiteElo "1681"]
[BlackElo "1798"]
[PlyCount "71"]
[EventDate "2018.09.29"]
[EventType "swiss"]
[EventRounds "8"]
[EventCountry "ESP"]
[SourceTitle "CBM 187 Extra"]
[Source "ChessBase"]
[SourceDate "2018.11.04"]
[SourceVersion "1"]
[SourceVersionDate "2018.11.04"]
[SourceQuality "1"]

1. d4 Nf6 2. c4 e5 3. dxe5 Ng4 4. Nf3 Nc6 5. Bf4 Bb4+ 6. Nbd2 Qe7 7. e3 Ngxe5 8. Nxe5 Nxe5 9. a3 Bxd2+ 10. Qxd2 d6 11. Be2 Be6 12. Qd4 f6 13. 0-0 0-0 14. Rac1 b6 15. Rfd1 a5 16. e4 Qf7 17. Rc3 a4 18. Rdc1 Ra5 19. Rg3 Kh8 20. Bd2 Rc5 21. Rgc3 Nc6 22. Qd3 f5 23. Be3 fxe4 24. Qxe4 Bf5 25. Qh4 Re5 26. Bf3 Ne7 27. Bd4 Ng6 28. Qg3 Re7 29. Bh5 Nf4 30. Qxf4 Qxh5 31. Rg3 Qe8 32. h3 Bg6 33. Qg4 Re4 34. Qd1 Rff4 35. Be3 Rf7 36. Qxa4 0-1

[Event "Barcelona Primavera La Lira op 9th"]
[Site "Barcelona"]
[Date "2016.04.14"]
[Round "2"]
[White "Shamim, Hossain"]
[Black "Permanyer Ugartemendia, Inaki"]
[Result "0-1"]
[WhiteElo "1871"]
[BlackElo "1656"]
[PlyCount "44"]
[EventDate "2016.04.07"]
[EventType "swiss"]
[EventRounds "9"]
[EventCountry "ESP"]
[SourceTitle "CBM 172 Extra"]
[Source "ChessBase"]
[SourceDate "2016.06.21"]
[SourceVersion "1"]
[SourceVersionDate "2016.06.21"]
[SourceQuality "1"]

1. d4 d5 2. c4 e6 3. e3 Nf6 4. Nf3 Nbd7 5. Bd3 Be7 6. Nc3 0-0 7. 0-0 b6 8. Re1 Bb7 9. e4 dxe4 10. Nxe4 h6 11. Qc2 c5 12. Be3 Rc8 13. b3 cxd4 14. Bxd4 Nc5 15. Nxf6+ Bxf6 16. Bxf6 Qxf6 17. Ne5 Rfd8 18. Qe2 Rd4 19. Bc2 Be4 20. Rad1 Rxd1 21. Bxd1 Qxe5 22. f3 Qd4+ 0-1